[Event "FLORIPA CHESS OPEN 2015"]
[Site "Florianopolis/SC"]
[Date "2015.01.16"]
[Round "5"]
[Board "3"]
[White "Matsuura, Everaldo"]
[Black "Quintiliano Pinto, Renato R."]
[Result "1/2-1/2"]
[WhiteElo "2505"]
[BlackElo "2364"]
[PlyCount "51"]
[EventDate "2015.01.14"]
[EventRounds "10"]
[EventCountry "BRA"]

1. e4 c5 2. Nf3 d6 3. Bb5+ Nd7 4. d4 cxd4 5. Qxd4 a6 6. Bxd7+ Bxd7 7. c4 e5 8.
Qd3 b5 9. Nc3 Qb8 10. O-O h6 11. Rd1 Nf6 12. Ne1 Qb7 13. Nc2 Be7 14. Ne3 O-O
15. Ned5 Nxd5 16. Nxd5 Bd8 17. b3 a5 18. cxb5 Bxb5 19. Qg3 Kh7 20. Ba3 Ra6 21.
Rdc1 Bd7 22. Qf3 Be6 23. Ne3 Be7 24. Nd5 Bd8 25. Ne3 Be7 26. Nd5 1/2-1/2

[Event "FLORIPA CHESS OPEN 2015"]
[Site "Florianopolis/SC"]
[Date "2015.01.16"]
[Round "5"]
[Board "4"]
[White "Cordeiro, Marco Aurelio Zaror"]
[Black "Molina, Roberto Junio Brito"]
[Result "0-1"]
[WhiteElo "2238"]
[BlackElo "2408"]
[PlyCount "104"]
[EventDate "2015.01.14"]
[EventRounds "10"]
[EventCountry "BRA"]

1. e4 c5 2. Nc3 Nc6 3. f4 g6 4. Nge2 Bg7 5. g3 d6 6. Bg2 e6 7. d3 Nge7 8. O-O
O-O 9. g4 f5 10. gxf5 exf5 11. Ng3 Bd7 12. Nd5 Nxd5 13. exd5 Ne7 14. c4 Kh8 15.
Rb1 Ng8 16. b4 b6 17. Ne2 Qh4 18. bxc5 dxc5 19. d4 cxd4 20. Nxd4 Rae8 21. Nf3
Qd8 22. Ne5 Nf6 23. Ba3 Ng4 24. Bxf8 Rxf8 25. Re1 Qh4 26. Nxg4 fxg4 27. Qd2 g3
28. hxg3 Qxg3 29. Rb3 Qh4 30. Rf3 Bg4 31. Rfe3 Bd7 32. Re7 Qg4 33. R1e4 Bf6 34.
f5 Qxf5 35. Rf4 Bxe7 36. Rxf5 Bc5+ 37. Kh2 Bd6+ 38. Kg1 Rxf5 39. Be4 Bc5+ 40.
Kg2 Rf2+ 41. Qxf2 Bxf2 42. Kxf2 Kg7 43. Ke3 Kf6 44. Kd4 Bf5 45. Bg2 h5 46. c5
bxc5+ 47. Kxc5 h4 48. Kc6 h3 49. Bh1 g5 50. d6 g4 51. Kc7 Ke5 52. Bb7 g3 0-1

[Event "FLORIPA CHESS OPEN 2015"]
[Site "Florianopolis/SC"]
[Date "2015.01.16"]
[Round "5"]
[Board "6"]
[White "Gauche, Charles"]
[Black "Gazel, Frederico"]
[Result "1/2-1/2"]
[WhiteElo "2229"]
[BlackElo "2292"]
[PlyCount "48"]
[EventDate "2015.01.14"]
[EventRounds "10"]
[EventCountry "BRA"]

1. e4 e5 2. Nf3 Nc6 3. Bb5 a6 4. Ba4 Nf6 5. d3 b5 6. Bb3 Be7 7. O-O d6 8. c3
O-O 9. Nbd2 Na5 10. Bc2 c5 11. Re1 Bb7 12. Nf1 h6 13. Ng3 Re8 14. Nf5 Bf8 15.
h3 d5 16. Qe2 c4 17. dxc4 Nxc4 18. exd5 Qxd5 19. Ne3 Nxe3 20. Bxe3 Qc6 21. Rad1
Rad8 22. Rxd8 Rxd8 23. Rd1 Rxd1+ 24. Qxd1 Bd6 1/2-1/2

[Event "FLORIPA CHESS OPEN 2015"]
[Site "Florianopolis/SC"]
[Date "2015.01.16"]
[Round "5"]
[Board "7"]
[White "Guimaraes, Diogo Duarte"]
[Black "Delgado, Lidio Dias"]
[Result "1/2-1/2"]
[WhiteElo "2221"]
[BlackElo "2262"]
[PlyCount "123"]
[EventDate "2015.01.14"]
[EventRounds "10"]
[EventCountry "BRA"]

1. e4 c5 2. Nf3 e6 3. d4 cxd4 4. Nxd4 Nf6 5. Nc3 Bb4 6. Qd3 a6 7. Be2 Qc7 8.
O-O Nc6 9. Nb3 Be7 10. f4 d6 11. a4 b6 12. Qc4 O-O 13. Bf3 Bd7 14. Be3 Rfc8 15.
Rfd1 Qb8 16. Qe2 Ne8 17. Qf2 Bd8 18. g4 Na5 19. Nxa5 bxa5 20. Rd3 Qb4 21. Ra3
Rab8 22. Rb3 Qc4 23. Rxb8 Rxb8 24. b3 Rxb3 25. cxb3 Qxd3 26. Qd2 Qxd2 27. Bxd2
Bb6+ 28. Kf1 Bc6 29. Ke2 Nf6 30. Be3 Bxe3 31. Kxe3 Nd7 32. Bd1 Kf8 33. Kd4 Ke7
34. e5 dxe5+ 35. fxe5 f6 36. exf6+ gxf6 37. Be2 Bb7 38. Nd1 Kd6 39. Ne3 Ne5 40.
h4 h6 41. Bd1 Bd5 42. Kc3 Kc5 43. Be2 Bb7 44. Bf1 Bf3 45. Bh3 Ng6 46. g5 fxg5
47. hxg5 hxg5 48. Bxe6 Nf4 49. Bc8 Nd5+ 50. Nxd5 Bxd5 51. Bxa6 g4 52. Bc8 g3
53. Bh3 g2 54. Bxg2 Bxg2 55. Kb2 Kb4 56. Ka2 Kc3 57. Ka1 Be4 58. Ka2 Bc2 59.
Ka1 Bf5 60. Ka2 Kb4 61. Kb2 Be6 62. Ka2 1/2-1/2

[Event "FLORIPA CHESS OPEN 2015"]
[Site "Florianopolis/SC"]
[Date "2015.01.16"]
[Round "5"]
[Board "8"]
[White "Barbosa, Evandro Amorim"]
[Black "Dias, Anderson Tatsch"]
[Result "1-0"]
[WhiteElo "2449"]
[BlackElo "2212"]
[PlyCount "51"]
[EventDate "2015.01.14"]
[EventRounds "10"]
[EventCountry "BRA"]

1. e4 c5 2. Nf3 e6 3. d3 d6 4. g3 Nf6 5. Bg2 Nc6 6. O-O Be7 7. Re1 O-O 8. c3
Bd7 9. d4 cxd4 10. cxd4 d5 11. e5 Ne4 12. Nc3 Nxc3 13. bxc3 Na5 14. h4 Rc8 15.
Qd3 h6 16. Nh2 Qc7 17. Rb1 b6 18. Bd2 Nc4 19. Bf4 Na3 20. Rbc1 Rfd8 21. Ng4 Bb5
22. Qe3 Bf8 23. Nf6+ gxf6 24. exf6 Rd6 25. Bxh6 Qd8 26. Qg5+ 1-0

[Event "FLORIPA CHESS OPEN 2015"]
[Site "Florianopolis/SC"]
[Date "2015.01.16"]
[Round "5"]
[Board "10"]
[White "Pottker, Gustavo Sartori"]
[Black "Paveto, Kevin"]
[Result "1-0"]
[WhiteElo "2109"]
[BlackElo "2437"]
[PlyCount "69"]
[EventDate "2015.01.14"]
[EventRounds "10"]
[EventCountry "BRA"]

1. d4 Nf6 2. Nf3 g6 3. g3 Bg7 4. Bg2 O-O 5. O-O d5 6. c4 c6 7. cxd5 cxd5 8. Nc3
Nc6 9. Ne5 Ng4 10. Nxc6 bxc6 11. Na4 Rb8 12. b3 h5 13. Ba3 h4 14. Rc1 hxg3 15.
hxg3 Qd7 16. Qd3 Qe6 17. Rfd1 Re8 18. Qf3 g5 19. Bh3 f5 20. Rc2 Qh6 21. Qh1 Qf6
22. Bg2 f4 23. Rxc6 e6 24. Qh5 Bd7 25. Rc7 Bxa4 26. Qxg4 Bb5 27. Bd6 fxg3 28.
Bxg3 Qg6 29. Rdc1 a5 30. Rxg7+ Kxg7 31. Rc7+ Kg8 32. Be5 Rbc8 33. Rb7 Ba6 34.
Ra7 Rc6 35. Qh3 1-0

[Event "FLORIPA CHESS OPEN 2015"]
[Site "Florianopolis/SC"]
[Date "2015.01.16"]
[Round "5"]
[Board "11"]
[White "Stamenkovic, Dragan"]
[Black "Silva, Lucas Henrique Da"]
[Result "1-0"]
[WhiteElo "2409"]
[BlackElo "2096"]
[PlyCount "127"]
[EventDate "2015.01.14"]
[EventRounds "10"]
[EventCountry "BRA"]

1. d4 e6 2. c4 Bb4+ 3. Nc3 c5 4. Nf3 cxd4 5. Nxd4 Nf6 6. g3 O-O 7. Bg2 d5 8.
Qd3 Bc5 9. Be3 dxc4 10. Qxc4 Bb6 11. Rd1 Qe7 12. O-O e5 13. Nc2 Be6 14. Qb5 Bd7
15. Qb3 Be6 16. Qb5 Bd7 17. Qd3 Bc6 18. Bxb6 axb6 19. Ne3 Re8 20. Nf5 Qb4 21.
Qe3 Bxg2 22. Kxg2 Nc6 23. a3 Qc5 24. Qg5 Qf8 25. Rd6 Re6 26. Rxe6 fxe6 27. Nh6+
Kh8 28. Ng4 Nxg4 29. Qxg4 Qf5 30. Qxf5 exf5 31. Rd1 Re8 32. Rd7 Re7 33. Rd6 Re8
34. Nd5 Rd8 35. Rxd8+ Nxd8 36. Nxb6 Kg8 37. Nc4 e4 38. g4 g6 39. gxf5 gxf5 40.
Nd6 Kg7 41. Nxf5+ Kf6 42. Nd4 Ke5 43. e3 Nf7 44. f4+ exf3+ 45. Kxf3 Nd6 46. b3
Ne4 47. a4 Nd2+ 48. Ke2 Ne4 49. a5 Kd5 50. Kf3 Ke5 51. h4 Nd6 52. h5 Ne4 53. b4
Nf6 54. h6 Ng8 55. b5 Kd6 56. a6 bxa6 57. bxa6 Kc7 58. Nf5 Kb6 59. Kf4 Kxa6 60.
Ke5 Kb6 61. Ke6 Kc5 62. e4 Kc4 63. e5 Kc5 64. Kf7 1-0

[Event "FLORIPA CHESS OPEN 2015"]
[Site "Florianopolis/SC"]
[Date "2015.01.16"]
[Round "5"]
[Board "12"]
[White "Matsuura, Frederico"]
[Black "Zini, Jhone Marcelo"]
[Result "0-1"]
[WhiteElo "2289"]
[BlackElo "2082"]
[PlyCount "70"]
[EventDate "2015.01.14"]
[EventRounds "10"]
[EventCountry "BRA"]

1. e4 c5 2. Nc3 Nc6 3. g3 g6 4. Bg2 Bg7 5. d3 e6 6. Be3 d6 7. Qd2 Rb8 8. f4
Nge7 9. Nf3 Nd4 10. O-O O-O 11. Nd1 b5 12. c3 Nxf3+ 13. Bxf3 b4 14. d4 Qc7 15.
dxc5 dxc5 16. cxb4 cxb4 17. Rc1 Qa5 18. Bc5 Rd8 19. Qf2 Nc6 20. e5 Bb7 21. Bd6
Rbc8 22. Ne3 Qb5 23. Rc5 Qa6 24. Be2 Qxa2 25. Bc4 b3 26. f5 Nd4 27. fxe6 Nf3+
28. Kg2 Rxc5 29. exf7+ Kh8 30. Bxc5 Rd2 31. Kh3 Qxb2 32. Ng4 h5 33. e6 hxg4+
34. Kxg4 Qe5 35. Qxf3 Qh5+ 0-1

[Event "FLORIPA CHESS OPEN 2015"]
[Site "Florianopolis/SC"]
[Date "2015.01.16"]
[Round "5"]
[Board "13"]
[White "Pires, Marcos Vinicius Torsani"]
[Black "Pirola, Claudionor Alcides Lim"]
[Result "1/2-1/2"]
[WhiteElo "2274"]
[BlackElo "2088"]
[PlyCount "105"]
[EventDate "2015.01.14"]
[EventRounds "10"]
[EventCountry "BRA"]

1. Nf3 Nf6 2. c4 g6 3. Nc3 Bg7 4. e4 d6 5. d4 O-O 6. Be2 Na6 7. O-O e5 8. Be3
Ng4 9. Bg5 f6 10. Bh4 g5 11. Bg3 Nh6 12. dxe5 dxe5 13. Qc2 Nf7 14. Rfd1 Qe8 15.
c5 Nxc5 16. Nd5 Ne6 17. Nxc7 Nxc7 18. Qxc7 Be6 19. Qxb7 Rb8 20. Qxa7 Rxb2 21.
Rd2 Qb8 22. Qxb8 Rfxb8 23. Kf1 Bf8 24. Rxb2 Rxb2 25. a4 Nd6 26. Bd3 Bc4 27. Ne1
Bxd3+ 28. Nxd3 Rd2 29. Nc5 Nc4 30. Ne6 Bb4 31. Nc7 Ba5 32. Nd5 Kf7 33. f3 Rc2
34. h3 Ke6 35. Kg1 f5 36. Rb1 fxe4 37. fxe4 Re2 38. Rb7 Rxe4 39. Nc7+ Kf5 40.
Nd5 Ke6 41. Nc7+ Kf5 42. Nb5 h5 43. Bf2 Re2 44. Ra7 Ra2 45. Nd6+ Nxd6 46. Rxa5
Ra1+ 47. Kh2 Nc4 48. Ra8 e4 49. Bd4 Ra2 50. Rf8+ Ke6 51. Re8+ Kf5 52. Rf8+ Ke6
53. Re8+ 1/2-1/2

[Event "FLORIPA CHESS OPEN 2015"]
[Site "Florianopolis/SC"]
[Date "2015.01.16"]
[Round "5"]
[Board "14"]
[White "Bueno, Alfeu Junior Varela"]
[Black "Luz, Arthur Nader"]
[Result "1/2-1/2"]
[WhiteElo "2251"]
[BlackElo "2041"]
[PlyCount "68"]
[EventDate "2015.01.14"]
[EventRounds "10"]
[EventCountry "BRA"]

1. e4 c5 2. Nc3 g6 3. f4 Bg7 4. Nf3 Nc6 5. Bb5 Nd4 6. O-O Nxb5 7. Nxb5 d6 8. d3
a6 9. Nc3 e6 10. Be3 Ne7 11. d4 b6 12. dxc5 bxc5 13. e5 Nf5 14. Bf2 Bb7 15.
exd6 Qxd6 16. Qxd6 Nxd6 17. Bxc5 Nc4 18. Bd4 Bxd4+ 19. Nxd4 O-O-O 20. Nb3 Nxb2
21. Na5 Bd5 22. Rab1 Nc4 23. Nxd5 Nxa5 24. Nb4 Rd6 25. c4 Kb7 26. Rfc1 Nc6 27.
c5 Rd2 28. Nxa6+ Kxa6 29. Rb6+ Ka5 30. Rxc6 Rb8 31. Rd6 Rxa2 32. Rd7 Rbb2 33.
Ra7+ Kb5 34. Rxa2 Rxa2 1/2-1/2

[Event "FLORIPA CHESS OPEN 2015"]
[Site "Florianopolis/SC"]
[Date "2015.01.16"]
[Round "5"]
[Board "15"]
[White "Dejeanne, Francisco"]
[Black "De Haro, Martim Afonso Palma"]
[Result "1/2-1/2"]
[WhiteElo "2240"]
[BlackElo "2036"]
[PlyCount "67"]
[EventDate "2015.01.14"]
[EventRounds "10"]
[EventCountry "BRA"]

1. d4 Nf6 2. c4 e6 3. Nc3 d5 4. Nf3 c5 5. cxd5 Nxd5 6. e4 Nxc3 7. bxc3 cxd4 8.
cxd4 Nc6 9. a3 Be7 10. Bd3 O-O 11. Bc2 Qa5+ 12. Bd2 Qa6 13. Bc3 Qc4 14. Qd2 b6
15. Bd3 Qa4 16. O-O Ba6 17. Bxa6 Qxa6 18. d5 exd5 19. exd5 Rad8 20. Qa2 Na5 21.
Qb2 Nc4 22. Qe2 Rfe8 23. Rfe1 Qa4 24. Qd3 Nd6 25. Ne5 Bf6 26. Nc6 Rxe1+ 27.
Rxe1 Bxc3 28. Qxc3 Re8 29. Rxe8+ Nxe8 30. h3 h5 31. Qe5 Nf6 32. Ne7+ Kf8 33. d6
Qd7 34. Nd5 1/2-1/2

[Event "FLORIPA CHESS OPEN 2015"]
[Site "Florianopolis/SC"]
[Date "2015.01.16"]
[Round "5"]
[Board "16"]
[White "Rocha, Vitor Firmo De Souza"]
[Black "Cruz, William Ferreira Da"]
[Result "1/2-1/2"]
[WhiteElo "2040"]
[BlackElo "2238"]
[PlyCount "46"]
[EventDate "2015.01.14"]
[EventRounds "10"]
[EventCountry "BRA"]

1. e4 e6 2. d4 d5 3. Nd2 Be7 4. c3 c5 5. dxc5 Bxc5 6. Nb3 Bb6 7. exd5 exd5 8.
Bb5+ Nc6 9. Nf3 Nge7 10. O-O a6 11. Be2 Qd6 12. Nbd4 O-O 13. Be3 Bc7 14. Nxc6
bxc6 15. b4 Bg4 16. Bc5 Qd7 17. Nd4 Bxe2 18. Qxe2 Rfe8 19. Qd3 Ng6 20. Rfe1 Nf4
21. Qf5 Qxf5 22. Nxf5 g6 23. Nd4 Kg7 {IlegÃƒÂ­vel} 1/2-1/2

[Event "FLORIPA CHESS OPEN 2015"]
[Site "Florianopolis/SC"]
[Date "2015.01.16"]
[Round "5"]
[Board "17"]
[White "Nunes Jr, Sidney"]
[Black "Assumpcao, Roberto"]
[Result "1-0"]
[WhiteElo "2034"]
[BlackElo "2232"]
[PlyCount "87"]
[EventDate "2015.01.14"]
[EventRounds "10"]
[EventCountry "BRA"]

1. e4 e5 2. Nf3 Nc6 3. Bc4 Bc5 4. c3 Nf6 5. d4 exd4 6. e5 d5 7. Bb5 Ne4 8. cxd4
Bb4+ 9. Nbd2 O-O 10. a3 Ba5 11. O-O Bb6 12. Bxc6 bxc6 13. Qc2 Nxd2 14. Bxd2 Bg4
15. Be3 Bxf3 16. gxf3 f6 17. f4 Qd7 18. Kh1 Rae8 19. Rg1 f5 20. Rac1 Re6 21.
Rg2 a5 22. Qd3 Rh6 23. Rcg1 Rf7 24. Qa6 Re6 25. Qd3 Re8 26. Rc1 Re6 27. Rg5 g6
28. Rcg1 Kg7 29. R5g3 Kh8 30. Rh3 Re8 31. Qc2 g5 32. Rhg3 g4 33. f3 h5 34. fxg4
hxg4 35. Rc1 Re6 36. h3 Rfe7 37. hxg4 Rh7+ 38. Kg2 Reh6 39. Qxf5 Qe8 40. Bg1 c5
41. dxc5 Ba7 42. Bd4 Rh2+ 43. Kf3 Qb5 44. Qf8# 1-0

[Event "FLORIPA CHESS OPEN 2015"]
[Site "Florianopolis/SC"]
[Date "2015.01.16"]
[Round "5"]
[Board "18"]
[White "Caetano, Hugo Zanotti Mendonca"]
[Black "Lopes, Marcelo Ferreira"]
[Result "1-0"]
[WhiteElo "2215"]
[BlackElo "2002"]
[PlyCount "85"]
[EventDate "2015.01.14"]
[EventRounds "10"]
[EventCountry "BRA"]

1. d4 Nf6 2. c4 e6 3. Nf3 b6 4. a3 Ba6 5. Qc2 Bb7 6. Nc3 c5 7. dxc5 bxc5 8. Bg5
Be7 9. e3 O-O 10. Bd3 h6 11. Bh4 d6 12. O-O Nbd7 13. Rfd1 Qb6 14. Rab1 a5 15.
Nd2 Rfe8 16. Bg3 Nh5 17. Be4 Bxe4 18. Ndxe4 Nxg3 19. hxg3 Nf6 20. Nxf6+ Bxf6
21. Nb5 Red8 22. a4 d5 23. cxd5 exd5 24. Rbc1 Rac8 25. Qf5 Qe6 26. Qc2 Qb6 27.
Qf5 Qe6 28. Qc2 Qb6 29. Rd2 Qe6 30. Qd1 Qe4 31. Nc3 Bxc3 32. Rxc3 Qb4 33. Rcd3
g6 34. b3 c4 35. bxc4 Rxc4 36. Rxd5 Rxd5 37. Rxd5 Qxa4 38. Rd8+ Kg7 39. Qd6
Qa1+ 40. Kh2 Rc1 41. Qf8+ Kf6 42. Rd6+ Kg5 43. Qe7+ 1-0

[Event "FLORIPA CHESS OPEN 2015"]
[Site "Florianopolis/SC"]
[Date "2015.01.16"]
[Round "5"]
[Board "19"]
[White "Fonseca Rodrigues, Edson"]
[Black "Garkauskas, Otto Dmitry"]
[Result "0-1"]
[WhiteElo "2024"]
[BlackElo "2202"]
[PlyCount "58"]
[EventDate "2015.01.14"]
[EventRounds "10"]
[EventCountry "BRA"]

1. e4 c6 2. d4 d5 3. exd5 cxd5 4. Bd3 Nc6 5. c3 Qc7 6. Ne2 Bg4 7. f3 Bd7 8. Bf4
e5 9. dxe5 Nxe5 10. O-O Bd6 11. Nd4 Ne7 12. Qe2 O-O 13. Bxe5 Bxe5 14. f4 Bd6
15. Qh5 g6 16. Qh6 f5 17. Nd2 Kh8 18. Rae1 Ng8 19. Qh4 Rae8 20. Rxe8 Rxe8 21.
g4 Bxf4 22. N2f3 fxg4 23. Bxg6 Re7 24. Ne1 Bxh2+ 25. Kg2 Bg3 26. Qh5 Qe5 27.
Nf5 Bxf5 28. Bxf5 Bxe1 29. Rh1 Qg3+ 0-1

[Event "FLORIPA CHESS OPEN 2015"]
[Site "Florianopolis/SC"]
[Date "2015.01.16"]
[Round "5"]
[Board "20"]
[White "Cadilhac, Igor Tokuichi Kikuch"]
[Black "Villalba, Marcelo"]
[Result "0-1"]
[WhiteElo "2015"]
[BlackElo "2201"]
[PlyCount "60"]
[EventDate "2015.01.14"]
[EventRounds "10"]
[EventCountry "BRA"]

1. e4 e5 2. Nf3 Nc6 3. Bb5 f5 4. Nc3 fxe4 5. Nxe4 Be7 6. O-O d5 7. Nxe5 dxe4 8.
Nxc6 bxc6 9. Bxc6+ Bd7 10. Bxa8 Qxa8 11. Qh5+ Kf8 12. Qa5 Bd6 13. b3 Qe8 14.
Ba3 Nf6 15. Bxd6+ cxd6 16. Qxa7 h5 17. Qd4 Rh6 18. a4 Rg6 19. Kh1 Qe6 20. Rg1
Ng4 21. Raf1 Nxh2 22. f3 Nxf1 23. Rxf1 exf3 24. Rxf3+ Kg8 25. Qc4 Qxc4 26. bxc4
Bxa4 27. c3 Bc6 28. Rf2 Rg4 29. d4 Rg3 30. d5 Bd7 0-1

[Event "FLORIPA CHESS OPEN 2015"]
[Site "Florianopolis/SC"]
[Date "2015.01.16"]
[Round "5"]
[Board "21"]
[White "Born, Carlos Rodrigo"]
[Black "Fontoura, Alexandre Souza"]
[Result "1-0"]
[WhiteElo "2199"]
[BlackElo "1990"]
[PlyCount "48"]
[EventDate "2015.01.14"]
[EventRounds "10"]
[EventCountry "BRA"]

1. e4 e5 2. Nf3 Qe7 3. Nc3 c6 4. Bc4 g6 5. O-O Bg7 6. Bb3 Nf6 7. d4 d6 8. h3 h6
9. d5 c5 10. Ne1 O-O 11. Bc4 a6 12. a4 b6 13. Be2 Ne8 14. Be3 f5 15. exf5 gxf5
16. f4 Nd7 17. Nd3 Bb7 18. Qd2 e4 19. Nf2 Nef6 20. Nfd1 Qf7 21. Bf2 Nxd5 22.
Bc4 Bxc3 23. Nxc3 N7f6 24. Rfd1 e3 {IlegÃƒÂ­vel} 1-0

[Event "FLORIPA CHESS OPEN 2015"]
[Site "Florianopolis/SC"]
[Date "2015.01.16"]
[Round "5"]
[Board "22"]
[White "Franca, Willian Bento"]
[Black "Godoy Olazabal, Artur"]
[Result "1-0"]
[WhiteElo "2008"]
[BlackElo "2198"]
[PlyCount "41"]
[EventDate "2015.01.14"]
[EventRounds "10"]
[EventCountry "BRA"]

1. d4 Nf6 2. Nf3 e6 3. g3 c5 4. Bg2 cxd4 5. Nxd4 Nc6 6. O-O d5 7. c4 Qb6 8.
Nxc6 bxc6 9. Nd2 Ba6 10. Qa4 Bc5 11. b4 Bd4 12. Rb1 O-O 13. b5 cxb5 14. cxb5
Bb7 15. Nb3 Be5 16. Be3 Qd8 17. Rfe1 Qb8 18. Na5 Rc8 19. Nc6 Bxc6 20. bxc6 Qd6
21. f4 1-0

[Event "FLORIPA CHESS OPEN 2015"]
[Site "Florianopolis/SC"]
[Date "2015.01.16"]
[Round "5"]
[Board "23"]
[White "Paniagua Chnelik, Sebastian"]
[Black "Pertuzatti, Daniel"]
[Result "1/2-1/2"]
[WhiteElo "2197"]
[BlackElo "1982"]
[PlyCount "117"]
[EventDate "2015.01.14"]
[EventRounds "10"]
[EventCountry "BRA"]

1. d4 d5 2. c4 c6 3. Nf3 Nf6 4. Nc3 dxc4 5. a4 Bf5 6. e3 e6 7. Bxc4 Bb4 8. Qb3
a5 9. O-O Qc7 10. Bd2 O-O 11. Rac1 Nbd7 12. Rfe1 Nb6 13. Bf1 Bxc3 14. Bxc3 Ne4
15. Nd2 Nxc3 16. bxc3 Nd7 17. e4 Bg6 18. e5 Nb6 19. c4 Rfd8 20. c5 Nd5 21. Nc4
Rab8 22. Qd1 Nb4 23. h4 Qe7 24. h5 Bf5 25. Nd6 h6 26. Re3 Qh4 27. g3 Qg5 28. f4
Qg4 29. Be2 Qh3 30. Rb3 Rxd6 31. cxd6 Be4 32. Qf1 Qh1+ 33. Kf2 Qh2+ 34. Ke1
Nc2+ 35. Kd1 Nxd4 36. Re3 Bd5 37. Rcc3 f6 38. exf6 Nf5 39. Red3 gxf6 40. g4
Nxd6 41. Rxd5 Ne4 42. Rdd3 Nxc3+ 43. Rxc3 Rd8+ 44. Kc2 Rd4 45. Rh3 Qxf4 46.
Qxf4 Rxf4 47. Rb3 Rxa4 48. Rxb7 f5 49. gxf5 exf5 50. Kc3 Ra3+ 51. Kd4 Ra4+ 52.
Bc4+ Kh8 53. Kc5 Rb4 54. Rc7 Rb8 55. Kd6 Rf8 56. Bf7 f4 57. Bg6 f3 58. Bd3 Rd8+
59. Ke6 1/2-1/2

[Event "FLORIPA CHESS OPEN 2015"]
[Site "Florianopolis/SC"]
[Date "2015.01.16"]
[Round "5"]
[Board "24"]
[White "Faig, Cristian"]
[Black "Zonta, Juliano Artemio"]
[Result "1-0"]
[WhiteElo "2176"]
[BlackElo "1973"]
[PlyCount "152"]
[EventDate "2015.01.14"]
[EventRounds "10"]
[EventCountry "BRA"]

1. c4 Nf6 2. Nc3 g6 3. g3 Bg7 4. Bg2 O-O 5. Nf3 d6 6. d4 Nc6 7. O-O e5 8. dxe5
dxe5 9. Bg5 Be6 10. Qa4 h6 11. Rfd1 Qe7 12. Nd5 Bxd5 13. cxd5 Nd4 14. Bd2 c5
15. dxc6 Nxc6 16. Rac1 Rfd8 17. a3 e4 18. Ne1 Nd4 19. Bf1 b5 20. Qb4 Qe6 21. a4
Bf8 22. Qc3 Nb3 23. Rc2 Rdc8 24. Qe3 Ng4 25. Bh3 Nxe3 26. Bxe6 Nxc2 27. Bxb3
Nd4 28. Bd5 Rab8 29. a5 Rd8 30. Bxe4 Nxe2+ 31. Kf1 Nd4 32. Be3 Bg7 33. a6 f5
34. Bb7 g5 35. Nd3 Rd6 36. Rc1 Rbd8 37. Nb4 Be5 38. f4 gxf4 39. gxf4 Bf6 40.
Rc5 Re8 41. Nd5 Bg7 42. Rc7 Ne6 43. Re7 Red8 44. Bxa7 Kf8 45. Be3 Bf6 46. Rxe6
Rxe6 47. Bc5+ Kg7 48. a7 Bxb2 49. a8=Q Rxa8 50. Bxa8 Bc1 51. Bb7 Kf7 52. Nc7
Rg6 53. Bd5+ Kg7 54. Ne6+ Kf6 55. Bd4+ Ke7 56. Bc5+ Kf6 57. Bd4+ Ke7 58. Bc5+
Kf6 59. Bd4+ Kf7 60. Nc5+ Ke7 61. Nd3 Ba3 62. Be5 b4 63. Nc5 Rb6 64. Nb3 Rb5
65. Bc4 Rb6 66. Nd4 Kf8 67. Bb3 Ke8 68. Nxf5 Bc1 69. Nd4 Ra6 70. Ke2 Rg6 71.
Kf3 Rg1 72. Ke4 Re1+ 73. Kf5 Be3 74. Nc2 Re2 75. h4 Bc5 76. h5 Rd2 1-0

[Event "FLORIPA CHESS OPEN 2015"]
[Site "Florianopolis/SC"]
[Date "2015.01.16"]
[Round "5"]
[Board "25"]
[White "Deste, Dayan Kuhn"]
[Black "Souza, Rafael Cabral De"]
[Result "0-1"]
[WhiteElo "1970"]
[BlackElo "2173"]
[PlyCount "82"]
[EventDate "2015.01.14"]
[EventRounds "10"]
[EventCountry "BRA"]

1. e4 c5 2. Nf3 Nc6 3. d4 cxd4 4. Nxd4 g6 5. Nc3 Bg7 6. Be3 Nf6 7. f3 O-O 8.
Qd2 d5 9. Nxc6 bxc6 10. Bh6 Bxh6 11. Qxh6 dxe4 12. Nxe4 Nxe4 13. fxe4 Qd4 14.
Bd3 Rb8 15. Qf4 Rxb2 16. Qf2 Qc3+ 17. Qd2 Rxc2 18. Bxc2 Qxa1+ 19. Bd1 Be6 20.
O-O Qxa2 21. Qxa2 Bxa2 22. Ba4 Rb8 23. Bxc6 Rb1 24. e5 a5 25. Ba4 Rb4 26. Bd7
a4 27. Ra1 Bb3 28. Kf2 Re4 29. e6 f5 30. g3 Kg7 31. h3 Kf6 32. Kf3 Re5 33. g4
fxg4+ 34. hxg4 Kg5 35. Kg3 Re4 36. Kf3 Rxg4 37. Ke3 h5 38. Kd3 h4 39. Kc3 h3
40. Bb5 h2 41. Rh1 Rh4 0-1

[Event "FLORIPA CHESS OPEN 2015"]
[Site "Florianopolis/SC"]
[Date "2015.01.16"]
[Round "5"]
[Board "26"]
[White "Oliveira, Fernando Henrique"]
[Black "Reis, Nicolas Rodrigues Dos"]
[Result "1/2-1/2"]
[WhiteElo "2162"]
[BlackElo "1870"]
[PlyCount "48"]
[EventDate "2015.01.14"]
[EventRounds "10"]
[EventCountry "BRA"]

1. d4 Nf6 2. c4 g6 3. Nc3 Bg7 4. Nf3 O-O 5. Bf4 d6 6. h3 Nc6 7. e3 Nd7 8. Be2
e5 9. Bh2 f5 10. O-O g5 11. d5 Ncb8 12. Rb1 a5 13. a3 h5 14. Nd2 g4 15. hxg4
hxg4 16. e4 Qh4 17. exf5 Nf6 18. Bg3 Qg5 19. Nde4 Qxf5 20. f3 Nxe4 21. fxe4 Qg6
22. Rxf8+ Bxf8 23. c5 Bh6 24. Qd3 Bd7 1/2-1/2

[Event "FLORIPA CHESS OPEN 2015"]
[Site "Florianopolis/SC"]
[Date "2015.01.16"]
[Round "5"]
[Board "27"]
[White "Carstens Dobuchak, Thiago"]
[Black "Abrantes, Tiago Garrido"]
[Result "0-1"]
[WhiteElo "1816"]
[BlackElo "2147"]
[PlyCount "127"]
[EventDate "2015.01.14"]
[EventRounds "10"]
[EventCountry "BRA"]

1. e4 c5 2. Nf3 d6 3. Bb5+ Nd7 4. O-O Ngf6 5. Re1 a6 6. Bf1 e6 7. c3 Be7 8. d4
O-O 9. Bf4 Re8 10. Nbd2 Nh5 11. Be3 Ndf6 12. Bf4 Bf8 13. Nc4 Nxe4 14. Rxe4 d5
15. Re3 dxc4 16. Bxc4 Nf6 17. Bg5 h6 18. Bh4 b5 19. Bd3 Bb7 20. Ne5 g5 21. Bg3
cxd4 22. cxd4 Qd5 23. Nf3 Bd6 24. Bxd6 Qxd6 25. Ne5 Rad8 26. a4 Qxd4 27. axb5
axb5 28. Qe2 Qd5 29. Rg3 Ne4 30. Bxe4 Qxe4 31. Qxb5 Ra8 32. Rc1 Rec8 33. Rd1
Ba6 34. Nd7 Bxb5 35. Nf6+ Kg7 36. Nxe4 Rc2 37. h4 Bc6 38. Nd6 f6 39. hxg5 hxg5
40. Re3 Bd5 41. Nf5+ exf5 42. Rxd5 Ra1+ 43. Kh2 Rxf2 44. Rf3 Rxb2 45. Rdxf5 Ra6
46. Kh3 Rb4 47. Kg3 Rc6 48. Kh2 Rb2 49. Rf2 Rcc2 50. Rxc2 Rxc2 51. Kh3 Kg6 52.
g4 Rc3+ 53. Kg2 Kf7 54. Kf2 Rh3 55. Kg2 Re3 56. Kf2 Re4 57. Kf3 Re5 58. Rxe5
fxe5 59. Ke3 Ke7 60. Kd3 Kd6 61. Kc4 Kc6 62. Kd3 Kd5 63. Ke3 e4 64. Ke2 0-1

[Event "FLORIPA CHESS OPEN 2015"]
[Site "Florianopolis/SC"]
[Date "2015.01.16"]
[Round "5"]
[Board "28"]
[White "Lorenzon, Eduardo Lucas"]
[Black "Borges, Victor Hugo Moreira"]
[Result "1-0"]
[WhiteElo "1830"]
[BlackElo "2143"]
[PlyCount "91"]
[EventDate "2015.01.14"]
[EventRounds "10"]
[EventCountry "BRA"]

1. e4 c5 2. Nf3 d6 3. d4 cxd4 4. Nxd4 Nf6 5. Nc3 Nc6 6. Bg5 e6 7. Qd2 a6 8.
O-O-O h6 9. Be3 Be7 10. f3 Nxd4 11. Qxd4 b5 12. Kb1 Qa5 13. e5 dxe5 14. Qxe5
O-O 15. g4 Bb7 16. Rg1 Nd5 17. Bd2 Qc7 18. Qh5 Nf4 19. Bxf4 Qxf4 20. Bd3 Rfd8
21. Rdf1 g6 22. Bxg6 fxg6 23. Qxg6+ Kf8 24. Ne4 Rd5 25. g5 hxg5 26. Qxe6 Rad8
27. h4 Qf7 28. Qb6 R8d7 29. hxg5 Bd8 30. Qe3 Qg6 31. a3 Bb6 32. Qf4+ Rf7 33.
Nf6 Qf5 34. Qh4 Bxg1 35. Qh8+ Ke7 36. Qe8+ Kd6 37. Qxf7 Bd4 38. Ne8+ Kc5 39.
Qc7+ Bc6 40. b4+ Kc4 41. Qxc6+ Bc5 42. Qxc5+ Rxc5 43. Nd6+ Kd4 44. Nxf5+ Rxf5
45. f4 Ke3 46. g6 1-0